• 首页
  • 本馆介绍
  • 公告通知
  • 最新文献
  • 馆藏检索
  • 电子资源
  • 读者导购
  • 参考咨询
  • 我的图书馆
  • 登录
  • 详细信息显示
  • 放入我的书架
  • 预约/预借图书
  • 作者相关作品
  • 分类相关作品
  • 丛书相关作品
  • 出版社相关作品

书目信息

  • 表格格式
  • 工作单格式
  • 卡片格式
题名:
解读《帝国主义是资本主义的最高阶段》
    
 
作者: 李泓祎 著
分册:  
出版信息: 长春   吉林出版集团有限责任公司  2019
页数: 186页
开本: 23cm
丛书名: 马克思主义简明读本系列丛书
单 册:
中图分类: A821.24
科图分类:
主题词: 帝国主义--di guo zhu yi--列宁著作研究
电子资源:
ISBN: 978-7-5534-2631-0
000 01263nam 2200289 45
001 012001012348
005 20140124112644.0
010    @a978-7-5534-2631-0@dCNY29.70
099    @aCAL 012015122307
100    @a20150830d2014 em y0chiy0121 ea
101 0  @achi
102    @aCN@b220000
105    @ay z 000yy
106    @ar
200 1  @a解读《帝国主义是资本主义的最高阶段》@Ajie du 《di guo zhu yi shi zi ben zhu yi de zui gao jie duan 》@f本书著者李泓祎
210    @a长春@c吉林出版集团有限责任公司@d2019
215    @a186页@d23cm
225 2  @a马克思主义简明读本系列丛书@Ama ke si zhu yi jian ming du ben xi lie cong shu@i解读马克思主义经典文献部分
300    @a全国百佳图书出版单位
330    @a本书从帝国主义的本质特征、形成与发展的客观规律出发, 结合当今时代特点与新型国际形势, 以发展的马克思主义为视角, 正确、科学地认识帝国主义存在与现代发展过程中呈现的新特征、新问题、新影响, 以期让读者充分了解帝国主义产生、发展和必然灭亡的规律, 坚定实现共产主义的信念。
410  0 @12001 @a马克思主义简明读本系列丛书@i解读马克思主义经典文献部分
606 0  @a帝国主义@Adi guo zhu yi@x列宁著作研究
690    @aA821.24@v5
701  0 @a李泓祎@Ali hong yi@4著
801  0 @aCN@b上海新华@c20191020
905    @b1139957-60@dA821.24@e42@f4
920    @a261011@z1
    
    解读《帝国主义是资本主义的最高阶段》/本书著者李泓祎.-长春:吉林出版集团有限责任公司,2019
    186页;23cm.-(马克思主义简明读本系列丛书.解读马克思主义经典文献部分)
    全国百佳图书出版单位
    
    ISBN 978-7-5534-2631-0:CNY29.70
    本书从帝国主义的本质特征、形成与发展的客观规律出发, 结合当今时代特点与新型国际形势, 以发展的马克思主义为视角, 正确、科学地认识帝国主义存在与现代发展过程中呈现的新特征、新问题、新影响, 以期让读者充分了解帝国主义产生、发展和必然灭亡的规律, 坚定实现共产主义的信念。
●
相关链接 在E读中查询图书 在五车中查询图书 在当当中查询图书 在豆瓣中查询图书


正题名:解读《帝国主义是资本主义的最高阶段》     索取号:A821.24/42         预约/预借

序号 登录号 条形码 馆藏地/架位号 状态 备注
1 1139957   211399574   第一样本阅览室/ [索取号:A821.24/42] 在馆    
2 1139958   211399583   第一借阅区/ [索取号:A821.24/42] 在馆    
3 1139959   211399592   第一借阅区/ [索取号:A821.24/42] 在馆    
4 1139960   211399609   第一借阅区/ [索取号:A821.24/42] 在馆    
唐山师范学院图书馆 欢迎您!
大连网信软件有限公司© 版权所有